[Event "RUS-chT Rapid (Women)"]
[Site "Sochi"]
[Date "2023.10.18"]
[Round "3.10"]
[White "Badelka, Olga"]
[Black "Barkasheva, Sofia"]
[Result "1-0"]
[WhiteElo "2386"]
[BlackElo "1730"]
[PlyCount "67"]
[EventDate "2023.10.18"]
[EventType "team-swiss (rapid)"]
[EventRounds "9"]
[EventCountry "RUS"]
[SourceTitle "Mega2024 Update 01"]
[Source "Chessbase"]
[SourceDate "2023.11.12"]
[SourceVersion "1"]
[SourceVersionDate "2023.11.12"]
[SourceQuality "1"]
[WhiteTeam "Moscow ShSM (W)"]
[BlackTeam "Moscow Botvinnik School (W)"]
[WhiteTeamCountry "RUS"]
[BlackTeamCountry "RUS"]

1. d4 d5 2. c4 c6 3. Nf3 Nf6 4. e3 e6 5. Nc3 Nbd7 6. Qc2 Be7 7. g4 e5 8. g5 Ne4 9. Nxe4 dxe4 10. Qxe4 exd4 11. Qxd4 0-0 12. Bd2 Qc7 13. Bc3 f6 14. Rg1 Ne5 15. Nxe5 fxe5 16. Qxe5 Qxe5 17. Bxe5 Be6 18. Be2 Rad8 19. f4 Bc5 20. Rg3 Bf5 21. Rd1 Bb4+ 22. Bc3 Bxc3+ 23. bxc3 Be4 24. Rd4 Rde8 25. h4 Rf5 26. Bd1 c5 27. Rd6 Bb1 28. Kd2 Bxa2 29. Be2 Rb8 30. Kc2 b5 31. cxb5 c4 32. Rd4 Rc5 33. e4 Rbxb5 34. Rd8+ 1-0

[Event "Sitges Sunway op 9th"]
[Site "Sitges"]
[Date "2022.12.20"]
[Round "8"]
[White "Barkasheva, Sofia"]
[Black "Koehler, Ronald"]
[Result "1/2-1/2"]
[WhiteElo "1588"]
[BlackElo "2118"]
[PlyCount "72"]
[EventDate "2022.12.12"]
[EventType "swiss"]
[EventRounds "10"]
[EventCountry "ESP"]
[SourceTitle "CBM 211 Extra"]
[Source "ChessBase"]
[SourceDate "2023.01.31"]
[SourceVersion "1"]
[SourceVersionDate "2023.01.31"]
[SourceQuality "1"]

1. e4 c5 2. Nf3 Nc6 3. d4 cxd4 4. Nxd4 Nf6 5. Nc3 e5 6. Ndb5 d6 7. Bg5 a6 8. Na3 b5 9. Nd5 Be7 10. Bxf6 Bxf6 11. c3 Bg5 12. h4 Bh6 13. Nc2 Ne7 14. a4 bxa4 15. Ncb4 Bd7 16. Bxa6 0-0 17. Bb7 Rb8 18. Ba6 Kh8 19. Qe2 f5 20. Nxe7 Qxe7 21. exf5 Rxf5 22. g4 Rxb4 23. gxf5 Rf4 24. Bb5 Qe8 25. Bxd7 Qxd7 26. Qa6 Kg8 27. Qa8+ Kf7 28. Qd5+ Kf6 29. Rd1 Ke7 30. c4 Rxf5 31. c5 Rf6 32. cxd6+ Rxd6 33. Qxd6+ Qxd6 34. Rxd6 Kxd6 35. Ke2 Kc5 36. Ra1 Kb4 1/2-1/2

[Event "Sitges Sunway op 9th"]
[Site "Sitges"]
[Date "2022.12.19"]
[Round "7"]
[White "Van Dael, Siem"]
[Black "Barkasheva, Sofia"]
[Result "1-0"]
[WhiteElo "2345"]
[BlackElo "1588"]
[PlyCount "63"]
[EventDate "2022.12.12"]
[EventType "swiss"]
[EventRounds "10"]
[EventCountry "ESP"]
[SourceTitle "CBM 211 Extra"]
[Source "ChessBase"]
[SourceDate "2023.01.31"]
[SourceVersion "1"]
[SourceVersionDate "2023.01.31"]
[SourceQuality "1"]

1. e4 c5 2. Nf3 e6 3. d4 cxd4 4. Nxd4 a6 5. c4 Nf6 6. Nc3 Bb4 7. Qd3 Nc6 8. Nc2 Bc5 9. Be2 Qc7 10. Bg5 d6 11. 0-0 Ne5 12. Qg3 Bd7 13. Rfd1 h6 14. Bf4 g5 15. Bxe5 dxe5 16. b4 Be7 17. c5 Bc6 18. Qe3 Nd7 19. a4 b6 20. Nd5 exd5 21. exd5 Nxc5 22. dxc6 Ne6 23. Qe4 Nf4 24. Bg4 Bd6 25. Ne3 Rd8 26. g3 Ng6 27. Nd5 Qb8 28. Rac1 Bc7 29. Nxc7+ Qxc7 30. Rd7 Qc8 31. Rxd8+ Qxd8 32. c7 1-0

[Event "Chigorin Memorial 29th"]
[Site "St Petersburg"]
[Date "2022.10.27"]
[Round "6"]
[White "Rachikhin, Roman"]
[Black "Barkasheva, Sofia"]
[Result "1/2-1/2"]
[WhiteElo "1259"]
[BlackElo "1676"]
[PlyCount "63"]
[EventDate "2022.10.22"]
[EventType "swiss"]
[EventRounds "9"]
[EventCountry "RUS"]
[SourceTitle "EXT 2024"]
[Source "ChessBase"]
[SourceDate "2023.10.10"]
[SourceVersion "1"]
[SourceVersionDate "2023.10.10"]
[SourceQuality "1"]

1. e4 c5 2. Nf3 e6 3. d4 cxd4 4. Nxd4 a6 5. Bd3 Nf6 6. Nd2 Qc7 7. c3 Nc6 8. N2f3 Bc5 9. Be3 Ba7 10. 0-0 Ng4 11. Bd2 Bxd4 12. cxd4 Nxd4 13. g3 Nxf3+ 14. Qxf3 Ne5 15. Qf4 d6 16. Be2 0-0 17. Rac1 Nc6 18. Bb4 e5 19. Qd2 Rd8 20. Rfd1 Be6 21. Bxd6 Qb6 22. b3 f6 23. Qb2 Rac8 24. Bc5 Rxd1+ 25. Bxd1 Qa5 26. Be2 Rd8 27. Bf1 Rd2 28. Rc2 Rd1 29. Rc1 Rd2 30. Rc2 Rd1 31. Rc1 Rd2 32. Rc2 1/2-1/2

[Event "Cheliabinsk Panchenko Memorial op-B"]
[Site "Cheliabinsk"]
[Date "2022.09.19"]
[Round "8"]
[White "Barkasheva, Sofia"]
[Black "Voronaya, Eva"]
[Result "1/2-1/2"]
[WhiteElo "1728"]
[BlackElo "1474"]
[PlyCount "79"]
[EventDate "2022.09.12"]
[EventType "swiss"]
[EventRounds "10"]
[EventCountry "RUS"]
[SourceTitle "CBM 210 Extra"]
[Source "ChessBase"]
[SourceDate "2022.11.30"]
[SourceVersion "1"]
[SourceVersionDate "2022.11.30"]
[SourceQuality "1"]

1. e4 c6 2. d4 d5 3. Nd2 dxe4 4. Nxe4 Nf6 5. Nxf6+ exf6 6. c3 Bd6 7. Bd3 0-0 8. Qc2 Re8+ 9. Ne2 h5 10. Be3 Be6 11. 0-0 h4 12. Bf5 Qc7 13. h3 Nd7 14. Bxe6 Rxe6 15. c4 Ree8 16. Kh1 Nf8 17. c5 Be7 18. Qf5 Qd7 19. Qh5 Ng6 20. Rad1 Rad8 21. Nc3 Qc8 22. d5 cxd5 23. Nxd5 Bf8 24. b4 Re5 25. Qf3 Rf5 26. Qg4 Rfxd5 27. Qxc8 Rxd1 28. Qxb7 Rxf1+ 29. Kh2 Rdd1 30. g4 Rh1+ 31. Qxh1 Rxh1+ 32. Kxh1 Ne5 33. b5 Nc4 34. c6 Bd6 35. Bxa7 Bc7 36. a4 Kf8 37. Bc5+ Ke8 38. Kg2 Kd8 39. Bf8 g6 40. Bb4 1/2-1/2

[Event "Cheliabinsk Panchenko Memorial op-B"]
[Site "Cheliabinsk"]
[Date "2021.09.21"]
[Round "10"]
[White "Nasybullina, Alfia"]
[Black "Barkasheva, Sofia"]
[Result "1-0"]
[WhiteElo "2101"]
[BlackElo "1605"]
[PlyCount "143"]
[EventDate "2021.09.13"]
[EventType "swiss"]
[EventRounds "10"]
[EventCountry "RUS"]
[SourceTitle "CBM 204 Extra"]
[Source "ChessBase"]
[SourceDate "2021.11.30"]
[SourceVersion "1"]
[SourceVersionDate "2021.11.30"]
[SourceQuality "1"]

1. d4 Nf6 2. Nf3 g6 3. Bg5 Bg7 4. Nbd2 0-0 5. e4 d5 6. e5 Ne4 7. Be3 Nxd2 8. Qxd2 Bg4 9. Ng1 c5 10. c3 Nc6 11. h3 Be6 12. Nf3 cxd4 13. cxd4 f6 14. exf6 exf6 15. Be2 Rc8 16. 0-0 Qb6 17. Rac1 Rfe8 18. Rfd1 Bf8 19. Bh6 Bxh6 20. Qxh6 Rc7 21. Bd3 Rg7 22. b3 a6 23. Qf4 Qd8 24. Bxa6 Qb6 25. Bd3 Rf7 26. Re1 Nb4 27. Bb1 Ra8 28. Qd2 Re7 29. a4 Rae8 30. Qf4 Kg7 31. Re3 Nc6 32. Qd6 Kf7 33. Bd3 Rd8 34. Qf4 Kg7 35. Rce1 Rde8 36. Bb5 h6 37. Qd6 Kf7 38. Rxe6 Rxe6 39. Qxd5 Qd8 40. Bc4 Qxd5 41. Bxd5 Nb4 42. Bxe6+ Rxe6 43. Rxe6 Kxe6 44. Kf1 Kd5 45. Ke2 Nc2 46. Kd3 Nb4+ 47. Kc3 Na2+ 48. Kd2 g5 49. g4 Ke4 50. Ne1 Kxd4 51. Nc2+ Kc5 52. Ne3 Nb4 53. Kc3 Na2+ 54. Kd2 Kb4 55. Kc2 Kc5 56. Nf5 Nb4+ 57. Kd2 Nd5 58. h4 Kb4 59. Kc2 Nf4 60. h5 Nh3 61. Nxh6 Nxf2 62. Nf7 Nxg4 63. h6 Nxh6 64. Nxh6 b6 65. Kb2 Ka5 66. Ka3 b5 67. b4+ Kb6 68. a5+ Kc6 69. Kb3 Kd5 70. Kc3 Kc6 71. Kd4 Kd6 72. Ke4 1-0

[Event "Cheliabinsk Panchenko Memorial op-B"]
[Site "Cheliabinsk"]
[Date "2021.09.20"]
[Round "9"]
[White "Barkasheva, Sofia"]
[Black "Leonova, Ameliya"]
[Result "1-0"]
[WhiteElo "1605"]
[BlackElo "1794"]
[PlyCount "51"]
[EventDate "2021.09.13"]
[EventType "swiss"]
[EventRounds "10"]
[EventCountry "RUS"]
[SourceTitle "CBM 204 Extra"]
[Source "ChessBase"]
[SourceDate "2021.11.30"]
[SourceVersion "1"]
[SourceVersionDate "2021.11.30"]
[SourceQuality "1"]

1. e4 c5 2. Nf3 Nc6 3. d4 cxd4 4. Nxd4 g6 5. Nc3 Bg7 6. Be3 Nf6 7. Bc4 0-0 8. Bb3 d6 9. f3 Bd7 10. Qd2 Nxd4 11. Bxd4 b5 12. h4 a5 13. a3 a4 14. Ba2 Qa5 15. h5 Rfc8 16. hxg6 hxg6 17. Qg5 e5 18. Be3 Kf8 19. Bd2 Qb6 20. Nd5 Nxd5 21. Bxd5 Bc6 22. Ba2 Qd8 23. Qe3 Bb7 24. Bb4 Rxc2 25. Qd3 Rxb2 26. Qxd6+ 1-0

[Event "Cheliabinsk Panchenko Memorial op-B"]
[Site "Cheliabinsk"]
[Date "2021.09.18"]
[Round "6"]
[White "Mesheryakova, Anfisa"]
[Black "Barkasheva, Sofia"]
[Result "0-1"]
[WhiteElo "1323"]
[BlackElo "1605"]
[PlyCount "56"]
[EventDate "2021.09.13"]
[EventType "swiss"]
[EventRounds "10"]
[EventCountry "RUS"]
[SourceTitle "CBM 204 Extra"]
[Source "ChessBase"]
[SourceDate "2021.11.30"]
[SourceVersion "1"]
[SourceVersionDate "2021.11.30"]
[SourceQuality "1"]

1. e4 c5 2. Nf3 e6 3. c4 a6 4. Nc3 Nc6 5. d4 cxd4 6. Nxd4 Qc7 7. a3 Bc5 8. Nxc6 dxc6 9. Qc2 Nf6 10. h3 b5 11. Bd3 e5 12. Bg5 Be6 13. cxb5 cxb5 14. Bxf6 gxf6 15. Rc1 Rc8 16. 0-0 Rg8 17. Kh2 Ke7 18. Qe2 Rg5 19. b4 Rcg8 20. Rg1 Qd7 21. bxc5 R8g6 22. c6 Qc7 23. Qe3 Rh6 24. Qc5+ Ke8 25. Bxb5 Bxh3 26. gxh3 Rxh3+ 27. Kxh3 Qc8+ 28. Kh4 Rh5+ 0-1

[Event "Cheliabinsk Panchenko Memorial op-B"]
[Site "Cheliabinsk"]
[Date "2021.09.15"]
[Round "3"]
[White "Nurgaliyeva, Zarina"]
[Black "Barkasheva, Sofia"]
[Result "1-0"]
[WhiteElo "1949"]
[BlackElo "1605"]
[PlyCount "65"]
[EventDate "2021.09.13"]
[EventType "swiss"]
[EventRounds "10"]
[EventCountry "RUS"]
[SourceTitle "CBM 204 Extra"]
[Source "ChessBase"]
[SourceDate "2021.11.30"]
[SourceVersion "1"]
[SourceVersionDate "2021.11.30"]
[SourceQuality "1"]

1. e4 c5 2. Nf3 e6 3. g3 Nc6 4. Bg2 Nf6 5. Qe2 e5 6. 0-0 Be7 7. d3 h6 8. Nbd2 0-0 9. Nc4 d6 10. c3 Be6 11. Ne3 Re8 12. Nh4 Qd7 13. f4 Qc7 14. Nhf5 Bf8 15. fxe5 Bxf5 16. exf6 Be6 17. fxg7 Bxg7 18. Bf3 Ne5 19. Bg4 Bxg4 20. Nxg4 Re6 21. Ne3 Rae8 22. Nd5 Qd7 23. Bf4 c4 24. Bxe5 Rxe5 25. Nf6+ Bxf6 26. Rxf6 Kg7 27. Raf1 cxd3 28. Qe3 Rh5 29. Qf3 Qd8 30. Rxf7+ Kg8 31. Qxh5 Qg5 32. Rg7+ Kxg7 33. Qf7+ 1-0

[Event "Cheliabinsk Panchenko Memorial op-B"]
[Site "Cheliabinsk"]
[Date "2021.09.13"]
[Round "1"]
[White "Strutinskaya, Galina N"]
[Black "Barkasheva, Sofia"]
[Result "1-0"]
[WhiteElo "2110"]
[BlackElo "1605"]
[PlyCount "83"]
[EventDate "2021.09.13"]
[EventType "swiss"]
[EventRounds "10"]
[EventCountry "RUS"]
[SourceTitle "CBM 204 Extra"]
[Source "ChessBase"]
[SourceDate "2021.11.30"]
[SourceVersion "1"]
[SourceVersionDate "2021.11.30"]
[SourceQuality "1"]

1. c4 Nf6 2. Nc3 g6 3. e4 d6 4. d4 Bg7 5. Be2 0-0 6. Be3 c5 7. d5 b5 8. cxb5 a6 9. a4 Qa5 10. Qd2 axb5 11. Bxb5 Ba6 12. Bxa6 Nxa6 13. Nge2 Rfb8 14. f3 Nd7 15. f4 Rb4 16. 0-0 Nb6 17. Qc2 Nc4 18. Bc1 Rab8 19. Ra2 Rb3 20. e5 dxe5 21. f5 Nd6 22. Ng3 c4 23. Ra3 Rxa3 24. bxa3 Qb6+ 25. Kh1 Qb3 26. Qd2 Nc5 27. fxg6 hxg6 28. a5 e4 29. Nce2 Qd3 30. Qe3 Rb5 31. a6 Qxe3 32. a7 Ra5 33. Bxe3 Nb3 34. h4 Rxa3 35. h5 c3 36. Rb1 Nc4 37. Rxb3 Ra1+ 38. Bg1 Be5 39. Rb8+ Kg7 40. a8Q Rxa8 41. Rxa8 c2 42. Rc8 1-0

[Event "Orsha op"]
[Site "Orsha"]
[Date "2021.04.06"]
[Round "1"]
[White "Barkasheva, Sofia"]
[Black "Zarubitski, Viachaslau"]
[Result "0-1"]
[WhiteElo "1636"]
[BlackElo "2456"]
[PlyCount "82"]
[EventDate "2021.04.06"]
[EventType "swiss"]
[EventRounds "9"]
[EventCountry "BLR"]
[SourceTitle "CBM 202 Extra"]
[Source "ChessBase"]
[SourceDate "2021.07.31"]
[SourceVersion "1"]
[SourceVersionDate "2021.07.31"]
[SourceQuality "1"]

1. e4 c5 2. Nf3 e6 3. d4 cxd4 4. Nxd4 Nc6 5. Nc3 Qc7 6. Be3 a6 7. a3 Nf6 8. Be2 b5 9. Bf3 Bb7 10. Nxc6 Bxc6 11. Qd3 Be7 12. 0-0 h5 13. Rfd1 Ng4 14. g3 Nxe3 15. Qxe3 Qe5 16. Qd4 Bf6 17. Qxe5 Bxe5 18. Rd3 g5 19. Rad1 Rc8 20. R1d2 d6 21. b3 Ke7 22. Ne2 Bb7 23. Bg2 g4 24. Nd4 h4 25. b4 hxg3 26. hxg3 Rc4 27. Bf1 Bxe4 28. Nf3 Bxf3 29. Rxf3 gxf3 30. Bxc4 bxc4 31. Rd1 d5 32. Rb1 Bd4 33. a4 Rh3 34. a5 Rxg3+ 35. Kf1 Rg2 36. b5 Rxf2+ 37. Ke1 Re2+ 38. Kf1 Rf2+ 39. Ke1 axb5 40. Rxb5 Re2+ 41. Kf1 Rxc2 0-1

[Event "Moscow-ch Final (Women)"]
[Site "Moscow"]
[Date "2021.03.26"]
[Round "2"]
[White "Ivanova, Anastasia2222"]
[Black "Barkasheva, Sofia"]
[Result "1-0"]
[WhiteElo "1830"]
[BlackElo "1634"]
[PlyCount "63"]
[EventDate "2021.03.25"]
[EventType "swiss"]
[EventRounds "9"]
[EventCountry "RUS"]
[SourceTitle "CBM 202 Extra"]
[Source "ChessBase"]
[SourceDate "2021.07.31"]
[SourceVersion "1"]
[SourceVersionDate "2021.07.31"]
[SourceQuality "1"]

1. d4 Nf6 2. c4 g6 3. Nc3 Bg7 4. e4 d6 5. Nf3 0-0 6. Be2 Nbd7 7. 0-0 e5 8. Re1 c6 9. Bf1 Nh5 10. Be3 exd4 11. Nxd4 Ne5 12. f3 Be6 13. b3 Qe7 14. Qd2 Qc7 15. Rad1 Rad8 16. Bg5 Bf6 17. Bxf6 Nxf6 18. Qg5 Kg7 19. f4 Neg4 20. e5 dxe5 21. fxe5 Kg8 22. c5 Bc8 23. Bc4 Nd5 24. Ne4 h6 25. Qh4 Kg7 26. Nd6 Nge3 27. Rd3 Nxc4 28. bxc4 g5 29. N4f5+ Bxf5 30. Nxf5+ Kg6 31. Qxh6+ Kxf5 32. g4+ 1-0

[Event "Moscow op (Women) 17th"]
[Site "Moscow"]
[Date "2021.02.21"]
[Round "2"]
[White "Barkasheva, Sofia"]
[Black "Voskresenskaya, Marta"]
[Result "0-1"]
[WhiteElo "1634"]
[BlackElo "1853"]
[PlyCount "70"]
[EventDate "2021.02.20"]
[EventType "swiss"]
[EventRounds "9"]
[EventCountry "RUS"]
[SourceTitle "CBM 200 Extra"]
[Source "ChessBase"]
[SourceDate "2021.03.31"]
[SourceVersion "1"]
[SourceVersionDate "2021.03.31"]
[SourceQuality "1"]

1. e4 c6 2. Nc3 d5 3. Nf3 e6 4. d3 Nd7 5. Be2 Bd6 6. 0-0 Ne7 7. Be3 0-0 8. Nd2 e5 9. exd5 cxd5 10. d4 e4 11. Nb5 Bb8 12. c4 a6 13. Nc3 dxc4 14. Bxc4 Nf6 15. Bg5 Qxd4 16. Bxf6 Qxf6 17. Ndxe4 Qh6 18. Ng3 Kh8 19. Re1 Ng6 20. Nd5 Ne5 21. Bb3 b5 22. Rc1 Ra7 23. Qd4 Rd7 24. Qc5 Rdd8 25. Red1 Bg4 26. f3 Bxf3 27. Rf1 Bg4 28. Bc2 Be6 29. Nf4 Ng4 30. Nh3 Bd6 31. Qb6 Nxh2 32. Rcd1 Bxh3 33. gxh3 Qxh3 34. Qf2 Nf3+ 35. Qxf3 Bc5+ 0-1